Vista normal
Vista MARC
Entrada Personal Name
Número de registros utilizados en: 2
001 - CONTROL NUMBER
- control field: 7173
003 - CONTROL NUMBER IDENTIFIER
- control field: OSt
005 - DATE AND TIME OF LATEST TRANSACTION
- control field: 20180716125307.0
008 - FIXED-LENGTH DATA ELEMENTS
- fixed length control field: 910711n| azannaabn |a aaa c
010 ## - LIBRARY OF CONGRESS CONTROL NUMBER
- LC control number: 91017085
035 ## - SYSTEM CONTROL NUMBER
- System control number: (OCoLC)oca02982518
040 ## - CATALOGING SOURCE
- Original cataloging agency: FU
- Language of cataloging: spa
- Description conventions: rda
- Transcribing agency: Mx-PuUPA
- Modifying agency: DLC
- Modifying agency: OCoLC
- Modifying agency: UPB
- Modifying agency: Mx-PuUPA
100 1# - HEADING--PERSONAL NAME
- Personal name: Rubial García, Antonio,
370 ## - ASSOCIATED PLACE
- Other associated place: Ciudad de México (México)
- Source of term: naf
373 ## - ASSOCIATED GROUP
- Associated group: Universidad Nacional Autónoma de México. Facultad de Filosofía y Letras
- Source of term: naf
374 ## - OCCUPATION
- Occupation: Profesores universitarios
- Source of term: lcsh
375 ## - GENDER
- Gender: hombre
- Source of term: lcdgt
377 ## - ASSOCIATED LANGUAGE
- Language code: spa
400 1# - SEE FROM TRACING--PERSONAL NAME
- Personal name: García, Antonio Rubial
400 1# - SEE FROM TRACING--PERSONAL NAME
- Personal name: Rubial, Antonio
670 ## - SOURCE DATA FOUND
- Source citation: His El convento agustino y la sociedad novohispana, 1989:
- Information found: t.p. (Antonio Rubial García)
670 ## - SOURCE DATA FOUND
- Source citation: Los libros del deseo, 1996:
- Information found: t.p. (Antonio Rubial)
670 ## - SOURCE DATA FOUND
- Source citation: El historiador frente a la ciudad de México, 2016:
- Information found: title page (Antonio Rubial García) page 81 (Antonio Rubial García, Universidad Nacional Autónoma de México, Facultad de Filosofía y Letras)
670 ## - SOURCE DATA FOUND
- Source citation: Biblioteca del Congreso (Estados Unidos), 07 mayo 2018 :
- Information found: catálogo electrónico :
- Uniform Resource Identifier: https://goo.gl/xeqhba
953 ## -
- : xx00
- : lc11
985 ## -
- : OCLC
- : LSPC